Sports Quiz

Random Sports or Football Quiz

Football High Schools in the Cincinnati Area Quiz Stats

 Plays Quiz not verified by Sporcle

Score 0/117 Timer 15:00
0 Plays Today
Hint Answer % Correct
GMCColerain
100%
GMCFairfield
100%
ECCWest Clermont
100%
ECCAnderson
100%
ECCMilford
100%
ECCLoveland
100%
ECCKings
100%
ECCWalnut Hills
100%
CMAC/SOPCWithrow
100%
ECCWinton Woods
100%
SBACBatavia
100%
SBACGoshen
100%
GCL SouthElder
100%
GCL SouthSt Xavier
100%
GMCLakota East
96%
GMCLakota West
96%
GMCMason
96%
ECCLittle Miami
96%
ECCLebanon
96%
SBACNew Richmond
96%
SBACEastern
96%
MVCCincinnati Country Day School
96%
SBACWilmington
96%
CMAC/SOPCTaft
96%
GCL SouthMoeller
96%
CHLMariemont
96%
CHLWyoming
96%
Region 6A Northern KentuckyCampbell County
96%
Region 5A Northern KentuckyHighlands
96%
Region 5A Northern KentuckyCovington Catholic
96%
Region 6A Northern KentuckyRyle
96%
Eastern Indiana 4AFranklin County
96%
Eastern Indiana 4AEast Central
96%
Eastern Indiana 4ASouth Dearborn
96%
Eastern Indiana 3ABatesville
96%
Eastern Indiana 3ALawrenceburg
96%
Eastern Indiana 4AConnersville
92.3%
Eastern Indiana 3AGreensburg
92.3%
Eastern Indiana 3ARushville
92.3%
Hint Answer % Correct
Mid-Indiana Class 1AMilan
92.3%
SOCNorthwest
92%
GMCHamilton
92%
GMCSycamore
92%
GMCPrinceton
92%
GMCMiddletown
92%
ECCTurpin
92%
SBACClermont Northeastern
92%
SBACBlanchester
92%
SBACWestern Brown
92%
SBACBethel-Tate
92%
SBACGeorgetown
92%
SBACFayetteville-Perry
92%
MVCSummit Country Day
92%
MVCCincinnati Hills Christian Academy
92%
SBACClinton-Massie
92%
SOCTalawanda
92%
CHLTaylor
92%
SOCHarrison
92%
CMAC/SOPCHughes
92%
CHLFinneytown
92%
GCL SouthLa Salle
92%
CHLMadeira
92%
CHLIndian Hill
92%
MVCLockland
92%
CHLReading
92%
CHLDeer Park
92%
SBACEast Clinton
92%
Region 6A Northern KentuckyDixie Heights
92%
Region 5A Northern KentuckyBoone County
92%
Region 2A Northern KentuckyBeechwood
92%
Region 2A NorthernKentuckyNewport
92%
Region 1A Northern KentuckyNewport Central Catholic
92%
GCL CentralStephen T Badin
92%
MVCMiami Valley Christian Academy
92%
GCL CentralMcNicholas
92%
CMAC/SOPCGamble Montessori
92%
GMCOak Hills
88%
SBACWilliamsburg
88%
Hint Answer % Correct
MVCPurcell Marian
88%
MVCNew Miami
88%
SOCMt Healthy
88%
CMAC/SOPCWestern Hills
88%
CMAC/SOPCShroder-Paideia
88%
CMAC/SOPCWoodward
88%
MVCRoger Bacon
88%
SBLMonroe
88%
GCL NorthBishop-Fenwick
88%
Region 4A Northern KentuckyHolmes
88%
Region 1A Northern KentuckyLudlow
88%
Region 1A Northern KentuckyBellevue
88%
Region 2A Northern KentuckyLloyd Memorial
88%
Region 5A Northern KentuckyConner
88%
Region 5A Northern KentuckyCooper
88%
Region 4A Northern KentuckyScott
88%
Region 6A Northern KentuckySimon-Kenton
88%
Region 1A Northern KentuckyBishop Brossart
88%
MVCSt Bernard-Elmwood Place
88%
CMAC/SOPCRiverview East Academy
88%
Region 3A Northern KentuckyMason County
87%
Region 2A Northern KentuckyHoly Cross
84.6%
SBLMadison
84%
SOCRoss
84%
CMAC/SOPCAiken
84%
MVCNorth College Hill
84%
MVCNorwood
84%
Region 1A Northern KentuckyDayton
84%
Region 2A Northern KentuckyWalton-Verona
84%
MVCClark Montessori
84%
SOCEdgewood
72%
CMAC/SOPCHillcrest
72%
Mid-Indiana Class 1ANorth Decatur
66.7%
Mid-Indiana Class 1ASouth Decatur
66.7%
CMAC/SOPCCincinnati College Prep
60%
Region 2A Northern KentuckyCarroll County
50%
Region 2A Northern KentuckyGallatin County
50%
Region 3A Northern KentuckyPendleton County
50%
Region 2A Northern KentuckyOwen County
0%

You're not logged in!

Compare scores with friends on all Sporcle quizzes.
OR
Log In

Sporcle TV

Today on Sporcle TV


Watch our educational content, quiz creation guides, and fun videos on Sporcle TV.

Show Comments

Extras

Top Quizzes Today


Score Distribution

Your Account Isn't Verified!

In order to create a playlist on Sporcle, you need to verify the email address you used during registration. Go to your Sporcle Settings to finish the process.

Report this User

Report this user for behavior that violates our Community Guidelines.

Details: